Nations to Win Medals at World Athletics Championships 2022 - Statistics

General Stats
  • This quiz has been taken 58 times
  • The average score is 33 of 45
Answer Stats
# G S B Total Answer % Correct
11 1 1 5 7 Great Britain & Northern Ireland
100%
1 13 9 11 33 United States
100%
19 1 0 1 2 Germany
98%
16 1 0 2 3 Sweden
98%
9 1 2 1 4 Canada
96%
5 2 1 3 6 China
96%
22 1 0 0 1 France
96%
9 1 2 1 4 Japan
96%
19 1 0 1 2 Brazil
94%
19 1 0 1 2 Italy
94%
4 2 5 3 10 Kenya
92%
12 1 1 1 3 Norway
92%
8 1 3 0 4 Poland
92%
2 4 4 2 10 Ethiopia
90%
3 2 7 1 10 Jamaica
90%
39 0 0 2 2 Spain
90%
6 2 0 1 3 Australia
88%
33 0 1 0 1 Greece
88%
22 1 0 0 1 Portugal
87%
30 0 3 1 4 Netherlands
85%
16 1 0 2 3 Belgium
83%
31 0 1 1 2 Ukraine
81%
33 0 1 0 1 India
75%
13 1 1 0 2 Nigeria
75%
33 0 1 0 1 South Korea
71%
22 1 0 0 1 Slovenia
69%
22 1 0 0 1 Venezuela
69%
22 1 0 0 1 Morocco
67%
40 0 0 1 1 Switzerland
67%
16 1 0 2 3 Uganda
67%
33 0 1 0 1 Algeria
65%
33 0 1 0 1 Croatia
63%
22 1 0 0 1 Bahamas
62%
40 0 0 1 1 Czech Republic
62%
13 1 1 0 2 Grenada
60%
7 2 0 0 2 Peru
58%
13 1 1 0 2 Dominican Republic
54%
31 0 1 1 2 Lithuania
48%
22 1 0 0 1 Qatar
48%
40 0 0 1 1 Israel
42%
22 1 0 0 1 Kazakhstan
37%
40 0 0 1 1 Philippines
35%
40 0 0 1 1 Barbados
33%
40 0 0 1 1 Puerto Rico
23%
33 0 1 0 1 Burkina Faso
15%
No matching quizzes found
Score Distribution
Percent of People with Each Score
Percentile by Number Answered
Your Score History
You have not taken this quiz